1329 1403 1936 1428 1503 1984 1371 1614 1519 1595 1035 1532 1649 1748 1070 1705 1156 1818 1585 1788 1399 1802 1879 1835 1171 1545 1586 1506 1898 1732 1708 1369 1544 1957 1433 1217 1514 1603 1434 1790 1868 1813 1411 1688 1573 1277 1857 1145 1833 1530 1845 1098 1766 1752 1138 1805 1876 1460 1936 1595 1568 1790 1519 1825 1036 1618 1102 1240 1418 1066 1533 1563 1489 1695 1171 1933 1162 1163 1657 1033 1343 1574 1368 1313 1807 1342 1251 1749 1929 1163 1733 1840 1818 1576 1992 1167 1260 1780 1557 BCNSPRNW ULIB Ver.6.0+V

เปลี่ยนเป็นภาษาไทย

Change to English
 แสดงรายละเอียดบรรณานุกรม
  กลับหน้าหลัก

Brief Record : Get Marc (ISO 2709) : E-mail record : QR code < ปิดหน้าต่าง
LEADER : 00000nam 2200000uu 4500
001    13399127130
003     ULIB
008    020711s2019 th a 000 0 eng d
020    ^a9780323479516
060    ^aWY160^bK29P
100    ^aKeltner, Norman L.
245    ^aPsychiatric Nursing
250    ^a8th ed
260    ^aLouis, Missouri :^bElsevier,^c2019
300    ^a506 pages;^b30 cm
650    ^aPsychiatric Nursing
650    ^aMental Disorders^xnursing
650    ^aNurse^xPatient Relations
650    ^aMental Disorders^xdrug therapy
650    ^aPsychotropic Drugs^xadministration & dosage
650    ^aPsychotherapy^xmethods
945    ^p3400^l0^i006320
999    ^aประนอม เกษจรัล
รายการนี้ยังไม่มีแท็ก
คุณยังไม่ได้ล็อกอิน คุณสามารถมีกิจกรรมร่วมกับเว็บไซต์ได้ แต่ต้องล็อกอินก่อน ::
  ล็อกอิน

รายการสื่อสารสนเทศ

ลำดับที่ ประเภท เลขเรียก/บาร์โค้ด สถานที่ สถานะ
1. Book การพยาบาล
Book การพยาบาล
WY160 K29P ฉ.1 
  Barcode: 006320
ห้องสมุดวิทยาเขตสวรรค์ประชารักษ์
►หนังสือทั่วไป
ถูกยืม กำหนดส่งวันที่ 31 พฤษภาคม 2569
  จอง

รายการใกล้เคียง
    ชื่อเรื่อง [Psychiatric Nursing]

    หัวเรื่อง [Psychiatric Nursing]
    หัวเรื่อง [Mental Disorders nursing]

BibComment


ยังไม่เคยถูกคอมเมนท์

คอมเมนท์ทรัพยากรรายการนี้
  คอมเมนท์: Psychiatric Nurs..


 Copyright 2026. Bcnsprnw @Library